2019 Movies by Screenshot - Statistics

General Stats
  • This quiz has been taken 1,059 times
  • The average score is 15 of 16
Answer Stats
Picture Answer % Correct
Spider-Man: Far From Home
100%
Aladdin
99%
Joker
99%
The Lion King
99%
Toy Story 4
99%
Frozen II
98%
Star Wars: The Rise of Skywalker
97%
Detective Pikachu
96%
Dumbo
96%
Jumanji: The Next Level
95%
Avengers: Endgame
90%
Shazam!
87%
Captain Marvel
84%
Knives Out
78%
Parasite
71%
Once Upon a Time in Hollywood
70%
No matching quizzes found
Score Distribution
Percent of People with Each Score
Percentile by Number Answered
Your Score History
You have not taken this quiz